00552 2200181 4500001002100000005001500021035002000036245011400056100002700170250001000197300002600207006001800233008003900251260004600290082000700336084001300343990001400356INLIS00000000001004320260603013016 a0010-06260000011 aEFEKTIVITAS PROGRAM BANTUAN USAHA EKONONI PRODUKTIF (KUP) DI KABUPATEN MURUNG RAYA /cENDANG TRIPANA AGUSTIN0 aENDANG TRIPANA AGUSTIN aCet 1 axiii, 72 hlm :bilus.a 260603 | | |  aPalangka Raya :bPerpustakaan UMPR,c2025 a81 a81 END e a238122030